000 00390 a2200133 4500
005 20250508134227.0
020 _a978-0-07-146751-3
082 _a650.1 DIC
100 _aDICKSON, G. B.
245 _aTips and Traps for Writing an Effective Business Plan
260 _aNew York,
_bMcGraw Hill,
_c2007.
300 _axv, 387p.: ill.; figure, graph, table,
_bindex,
_c23cm.
942 _2ddc
_cBKS
999 _c1214
_d1214